000 00641nam a2200241Ia 4500
003 OSt
005 20220918201226.0
006 a|||||r|||| 00| 0
007 ta
008 220917b |||||||| |||| 00| 0 eng d
024 _a92,491
037 _cTextual
040 _aARTS
_cARTS
_beng
041 _2eng
_aeng
082 _aV:(R), N5
100 _aAnkersmit Frank ed
_997561
245 0 _aNew philosophy of history
260 _aChicago
_bUniv Press
_c1995
650 _aHISTORY
700 _a Kellner hans ed
_997562
942 _hV:(R), N5
_cTEXL
_2CC
999 _c216142
_d216142